Random Countries in Africa Flag Quiz - Statistics

General Stats
  • This quiz has been taken 39 times
  • The average score is 14 of 16
Answer Stats
Picture Answer % Correct
Angola
97%
Morocco
97%
South Africa
97%
Tunisia
97%
Burkina Faso
94%
Egypt
94%
Mozambique
94%
Cape Verde
90%
Gabon
90%
Togo
90%
Djibouti
87%
Eritrea
84%
Comoros
81%
Republic of the Congo
81%
Namibia
77%
São Tomé and Príncipe
77%
No matching quizzes found
Score Distribution
Percent of People with Each Score
Percentile by Number Answered
Your Score History
You have not taken this quiz